| 000 | 00905nam a22002417a 4500 | ||
|---|---|---|---|
| 005 | 20080624111917.0 | ||
| 008 | 080618t xxu||||| |||| 00| 0 eng d | ||
| 010 | _aENG-90415 | ||
| 020 |
_c895.00 _a813130482 |
||
| 035 | _aEN-73948 | ||
| 037 | _bDBAD / PUB | ||
| 040 |
_aDPL _bEN |
||
| 082 | _a324.5405465 | ||
| 100 | _aNair, P. Sukumaran | ||
| 245 |
_aIndo-Bangladesh relations / _cby P. Sukumaran Nair |
||
| 260 |
_aNew Delhi _bAPH Publishing Corporation _c2008 |
||
| 260 |
_a _b |
||
| 270 |
_a4435-36/7, Ansri Road, Darya Ganj, _bNew Delhi _e110002 |
||
| 300 |
_axxviii, 279p. _c23 cm (Hb) |
||
| 500 | _aIncludes bibliographical references and index | ||
| 942 |
_cEN _h327.5405465 _2ddc _mNAI |
||
| 999 |
_c13926 _d13926 |
||